Practical Handbook of Photovoltaics Fundamentals and Applications (Record no. 1182)

MARC details
000 -LEADER
fixed length control field 00402nam a22001577a 4500
020 ## - INTERNATIONAL STANDARD BOOK NUMBER
International Standard Book Number 978-0-12-385934-1
041 ## - LANGUAGE CODE
Language code of text/sound track or separate title ENG
100 ## - MAIN ENTRY--PERSONAL NAME
Personal name Mcevoy Augustin
245 ## - TITLE STATEMENT
Title Practical Handbook of Photovoltaics Fundamentals and Applications
250 ## - EDITION STATEMENT
Edition statement Second Edition
260 ## - PUBLICATION, DISTRIBUTION, ETC. (IMPRINT)
Place of publication, distribution, etc Elsevier
Name of publisher, distributor, etc New York
Date of publication, distribution, etc 2006
300 ## - PHYSICAL DESCRIPTION
Extent 1244
650 ## - SUBJECT ADDED ENTRY--TOPICAL TERM
Topical term or geographic name as entry element EOES
700 ## - ADDED ENTRY--PERSONAL NAME
Personal name Markvart.T,Castaner.L
856 ## - ELECTRONIC LOCATION AND ACCESS
Uniform Resource Identifier EOES ( 11 )
Holdings
Withdrawn status Lost status Source of classification or shelving scheme Damaged status Not for loan Home library Current library Shelving location Date acquired Cost, normal purchase price Total Checkouts Barcode Date last seen Price effective from Koha item type
    Dewey Decimal Classification     College of Agricultural Engineering and Technology, Dapoli , Library College of Agricultural Engineering and Technology, Dapoli , Library Book Cart 16/09/2021 14977.33   006073 16/09/2021 16/09/2021 Books

Contact Us: College of Agricultural Engineering and Technology, Dapoli, Dist.- Ratnagiri
Website: https://dbskkv.org Email: caetlibrary2015@gmail.com